[Event "Porto San Giorgio Weekend-B 14th"]
[Site "Porto San Giorgio"]
[Date "2011.11.27"]
[Round "6"]
[White "Antognoni, Nicola"]
[Black "Soricetti, Adriana"]
[Result "1-0"]
[WhiteElo "1524"]
[BlackElo "1388"]
[PlyCount "57"]
[EventDate "2011.11.19"]
[EventType "swiss"]
[EventRounds "6"]
[EventCountry "ITA"]
[SourceTitle "EXT 2024"]
[Source "ChessBase"]
[SourceDate "2023.10.10"]
[SourceVersion "1"]
[SourceVersionDate "2023.10.10"]
[SourceQuality "1"]

1. e4 e5 2. Nf3 Nc6 3. Bc4 h6 4. c3 Nf6 5. d3 Bc5 6. Nbd2 d5 7. exd5 Nxd5 8. Qb3 Na5 9. Qa4+ c6 10. Nxe5 Nxc4 11. Qxc4 Bd6 12. Qe4 0-0 13. 0-0 Re8 14. Ndf3 f6 15. Qg6 fxe5 16. Bxh6 Bf8 17. Ng5 Nf6 18. f4 e4 19. dxe4 Qd7 20. e5 Qf5 21. Qf7+ Kh8 22. exf6 gxh6 23. Qxe8 Qc5+ 24. Kh1 hxg5 25. Qh5+ Kg8 26. Qg6+ Kh8 27. f7 Bg7 28. Qh5+ Bh6 29. Qxh6# 1-0

[Event "Porto San Giorgio Weekend-B 14th"]
[Site "Porto San Giorgio"]
[Date "2011.11.26"]
[Round "4"]
[White "Soricetti, Adriana"]
[Black "Skrijely, Edin"]
[Result "0-1"]
[WhiteElo "1388"]
[BlackElo "1737"]
[PlyCount "42"]
[EventDate "2011.11.19"]
[EventType "swiss"]
[EventRounds "6"]
[EventCountry "ITA"]
[SourceTitle "EXT 2024"]
[Source "ChessBase"]
[SourceDate "2023.10.10"]
[SourceVersion "1"]
[SourceVersionDate "2023.10.10"]
[SourceQuality "1"]

1. e4 b6 2. Nf3 Bb7 3. Nc3 e6 4. d4 Nf6 5. Bd3 d6 6. Bg5 Be7 7. 0-0 Nbd7 8. Re1 c5 9. e5 Nd5 10. Bxe7 Qxe7 11. Nxd5 Bxd5 12. b3 0-0 13. c3 cxd4 14. cxd4 Rad8 15. h3 Bb7 16. Be2 dxe5 17. Qb1 exd4 18. Nxd4 Ne5 19. Nb5 Qg5 20. g4 Qh4 21. Kh2 Qxf2# 0-1